000
00293nam a22001337a 4500
008
171018b xxu||||| |||| 00| 0 eng d
020
_a
071831006950
041
_a
eng
080
_a
338
100
_a
53
101
_a
MEN
245
_a
THE ONE MINUTE MANAGER
_c
BLANCHARD,K
942
_2
udc
_c
BK
999
_c
34617
_d
34617